The telecom revolution in India : (Record no. 59371)

MARC details
000 -LEADER
fixed length control field 00982nam a22002537a 4500
005 - DATE AND TIME OF LATEST TRANSACTION
control field 2011121303403.0
008 - FIXED-LENGTH DATA ELEMENTS--GENERAL INFORMATION
fixed length control field 111213t xxu||||| |||| 00| 0 eng d
010 ## - LCCN (DPL NO)
LC control number ENG-104308
020 ## - INTERNATIONAL STANDARD BOOK NUMBER
International Standard Book Number 9780198075530
Terms of availability 750.00
020 ## - INTERNATIONAL STANDARD BOOK NUMBER
International Standard Book Number 0198075537
Terms of availability 750.00
035 ## - SYSTEM CONTROL NUMBER
System control number EN-87841
037 ## - SOURCE OF ACQUISITION
Source of stock number/acquisition DBAD/PUB
040 ## - CATALOGING SOURCE
Original cataloging agency DPL
Language of cataloging Eng
082 ## - DEWEY DECIMAL CLASSIFICATION NUMBER
Classification number 384.0954
100 1# - MAIN ENTRY--PERSONAL NAME
Personal name Varadharajan Sridhar
9 (RLIN) 36887
245 14 - TITLE STATEMENT
Title The telecom revolution in India :
Statement of responsibility, etc by Varadharajan Sridhar
Remainder of title technology, regulation and policy /
260 ## - PUBLICATION, DISTRIBUTION, ETC. (IMPRINT)
Place of publication, distribution, etc New Delhi
Name of publisher, distributor, etc Oxford University Press
Date of publication, distribution, etc 2012
270 ## - ADDRESS
Address YMCA Library Building , 1 Jai Singh Road
City New Delhi
Postal code 110001
300 ## - PHYSICAL DESCRIPTION
Extent xviii,342p.
Dimensions 23cm (Hb)
500 ## - GENERAL NOTE
General note Includes bibliographical references and index.
942 ## - ADDED ENTRY ELEMENTS (KOHA)
Source of classification or shelving scheme Dewey Decimal Classification
Item type English Books
Classification part 384.0954
Call number suffix VAR
Holdings
Withdrawn status Lost status Source of classification or shelving scheme Damaged status Not for loan Collection code Home library Current library Date acquired Source of acquisition Cost, normal purchase price Total Checkouts Full call number Barcode Date last seen Copy number Cost, replacement price Koha item type
    Dewey Decimal Classification   Not For Loan Non-fiction D.B.Act.Division D.B.Act.Division 13/12/2011 DBAD/PUB 750.00   384.0954 VAR EN-87841 13/12/2011 1 750.00 English Books

© Delhi Public Library
Hit Counter
free hit counter